Efekty ovlivňujúci přesnost vizuálních pozorování promňenných hvězd

Bibliographic Details
Main Author: Pliska, Anton (Author)
Format: Article
Language:Slovak
Czech
PhysicalDescription:Obr.
Subjects:

MARC

LEADER 00000nab a2200000 a 4500
001 vtls008933345
003 SK-MaSNL
005 20260304135646.0
008 250505 1976 xo | 000 0 slo
015 |a SNBRB1977 
035 |a (uuid)b41f7754-e93f-4ce7-a99a-e23f30797d96 
035 |a urn:nbn:sk:snk-abz14 
035 |a (urnnbn)urn:nbn:sk:snk:ar-a04tly 
040 |a SNKBUCL  |b slo  |c SNKBUCL  |e AACR2 
041 0 |a cze 
044 |a xo  |c SK 
080 |a 524.33  |2 2001 
080 |a 520.86  |2 2001 
100 1 |a Pliska, Anton  |4 aut  |9 1455153 
245 1 0 |a Efekty ovlivňujúci přesnost vizuálních pozorování promňenných hvězd  |c Anton Pliska 
300 |b Obr. 
650 0 7 |a premenné hviezdy  |2 snkbucl  |9 1123 
650 0 7 |a astronomické pozorovania  |2 snkbucl  |9 2653 
773 0 |t Kozmos  |g Roč. 7, č. 4 (1976), s. 115-116 
850 |a Slovenská národná knižnica 
852 |a Slovenská národná knižnica 
954 |a odborná, vedecká literatúra cudzojazyčná (svetová)  |2 lita 
958 |a article27 
958 |a OND 
958 |a EUIPO 
999 |c 2911721  |d 2913651